Japán rovarölőszer kombinációk hatékonysága a burgonyabogár (Leptinotarsa decemlineata Say) ellen
Elmentve itt :
| Szerző: | |
|---|---|
| További közreműködők: | |
| Dokumentumtípus: | Szakdolgozat |
| Megjelent: |
2000
|
| Kulcsszavak: | Növényvédelem Burgonyabogár Rovarölőszer Rovarvédelem |
| Tárgyszavak: | |
| Online Access: | http://diploma.bibl.u-szeged.hu/100778 |
| LEADER | 00816nta a2200241 i 4500 | ||
|---|---|---|---|
| 001 | dipl100778 | ||
| 005 | 20211119091926.0 | ||
| 008 | 211119s2000 hu om 0|| hun d | ||
| 040 | |a SZTE Diploma Repozitórium |b hun | ||
| 041 | |a hun | ||
| 100 | 1 | |a Perei Zoltán | |
| 245 | 1 | 0 | |a Japán rovarölőszer kombinációk hatékonysága a burgonyabogár (Leptinotarsa decemlineata Say) ellen |h [elektronikus dokumentum] / |c Zoltán Perei |
| 260 | |c 2000 | ||
| 300 | |a 48 | ||
| 650 | 4 | |a Agrár | |
| 650 | 4 | |a Agricultural sciences | |
| 650 | 4 | |a Agriculture, forestry and fisheries | |
| 695 | |a Növényvédelem | ||
| 695 | |a Burgonyabogár | ||
| 695 | |a Rovarölőszer | ||
| 695 | |a Rovarvédelem | ||
| 700 | 1 | |a Mile Lajos |e ths | |
| 856 | 4 | 0 | |u http://diploma.bibl.u-szeged.hu/id/eprint/100778/1/2000_perei_zoltan.pdf |z Dokumentum-elérés |